| 000 | nam a22 a 4500 | ||
|---|---|---|---|
| 999 |
_c136 _d136 |
||
| 003 | AKMAL | ||
| 005 | 20170420112916.0 | ||
| 008 | 170420s1991 my 00 may d | ||
| 020 | _a9679339882 (kkt.): | ||
| 040 | _aAKMAL | ||
| 082 | 0 | 4 | _a418.02030 HAW |
| 090 |
_a418.02030 _bHAW |
||
| 100 | 1 |
_aHawkins, Joyce M. _9344 |
|
| 245 | 1 | 0 |
_aKamus dwibahasa-Oxford Fajar : _bInggeris-Melayu, Melayu-Inggeris / _cJoyce M. Hawkins |
| 260 |
_aPetaling Jaya : _bFajar Bakti, _c1991 |
||
| 300 |
_a218ms. ; _c17cm |
||
| 650 |
_aEnglish language _vDictionaries _xMalay _9345 |
||
| 650 |
_aMalay language _vDictionaries _xEnglish _9346 |
||
| 942 |
_2ddc _cBOOK |
||